000 00382cam a22001217a 4500
008 180718b1961 xxu||||| |||| 00| 0 eng d
082 _aBA27x5413 B489
100 _aPrasad, Narmadeshwar
245 _aLand and people of tribal Bihar
_cby Narmadeshwar Prasad
260 _aRanchi
_bBihar Tribal Research Institute
_c1961
300 _a378p.
700 _aBihar. Tribal Research Institute
999 _c489115
_d489115